[Event "Ostravsky Konik 2021"]
[Site "Ostrava, Dům kultury města O"]
[Date "2021.08.11"]
[Round "5.3"]
[White "Neumann, Filip"]
[Black "Vesselovsky, Serguei"]
[Result "1/2-1/2"]
[WhiteElo "1965"]
[BlackElo "2316"]
[PlyCount "58"]
[EventDate "2021.??.??"]

1. e4 c5 2. Nf3 d6 3. d4 cxd4 4. Qxd4 Nf6 5. Nc3 Nc6 6. Bb5 e5 7. Qc4 Bd7 8.
Ba4 Be7 9. Bb3 O-O 10. Bg5 d5 11. exd5 Na5 12. Qe2 Nxb3 13. axb3 e4 14. Bxf6
Bxf6 15. Nxe4 Bxb2 16. Ra2 Bf5 17. O-O Qxd5 18. c4 Qxe4 19. Qxb2 Rfd8 20. Re1
Qf4 21. Qe2 Be6 22. Rd1 h6 23. Rad2 Re8 24. Rd4 Qc7 25. Qd3 Rac8 26. h3 a6 27.
Rd6 b5 28. cxb5 axb5 29. Qxb5 Rb8 1/2-1/2

[Event "Ostravsky Konik 2021"]
[Site "Ostrava, Dům kultury města O"]
[Date "2021.08.11"]
[Round "5.4"]
[White "Kula, Dominik"]
[Black "Matyas, Marek"]
[Result "1/2-1/2"]
[WhiteElo "2203"]
[BlackElo "2369"]
[PlyCount "37"]
[EventDate "2021.??.??"]

1. e4 e6 2. d4 d5 3. Nc3 dxe4 4. Nxe4 Bd7 5. Nf3 Bc6 6. Bd3 Nd7 7. O-O Ngf6 8.
Qe2 Nxe4 9. Bxe4 Bxe4 10. Qxe4 c6 11. Bg5 Be7 12. Bxe7 Qxe7 13. c4 Nf6 14. Qc2
O-O 15. Rfe1 Rfd8 16. Rad1 Qc7 17. h3 Rd6 18. Re3 Rad8 19. Red3 1/2-1/2

[Event "Ostravsky Konik 2021"]
[Site "Ostrava, Dům kultury města O"]
[Date "2021.08.11"]
[Round "5.5"]
[White "Taus, Martin"]
[Black "Fargac, Martin"]
[Result "0-1"]
[WhiteElo "2099"]
[BlackElo "2285"]
[PlyCount "58"]
[EventDate "2021.??.??"]

1. d4 d5 2. Nc3 Nf6 3. Bf4 Bf5 4. f3 e6 5. g4 Bg6 6. h4 h6 7. h5 Bh7 8. e3 Bd6
9. Bd3 Bxf4 10. exf4 Bxd3 11. Qxd3 Qd6 12. Nge2 Nc6 13. O-O-O O-O-O 14. Na4 Nd7
15. Qc3 Rhg8 16. Nc5 Nxd4 17. Nxd4 Qxc5 18. Qxc5 Nxc5 19. Rdg1 Kd7 20. Rg2 a6
21. g5 Rh8 22. b4 Na4 23. g6 Rdf8 24. f5 exf5 25. Nxf5 fxg6 26. Nxg7 g5 27. Re1
Rxf3 28. Rge2 Rf7 29. Ne6 Rg8 0-1

[Event "Ostravsky Konik 2021"]
[Site "Ostrava, Dům kultury města O"]
[Date "2021.08.11"]
[Round "5.6"]
[White "Jarolim, Jan"]
[Black "Cempel, Jaroslav"]
[Result "0-1"]
[WhiteElo "1978"]
[BlackElo "1981"]
[PlyCount "140"]
[EventDate "2021.??.??"]

1. e4 e5 2. Nf3 Nc6 3. Bb5 a6 4. Ba4 g6 5. d4 exd4 6. Nxd4 Nxd4 7. Qxd4 Qf6 8.
c3 Qxd4 9. cxd4 Bg7 10. Be3 c5 11. e5 Ne7 12. dxc5 Bxe5 13. Nc3 O-O 14. Rd1 Nf5
15. Bg5 f6 16. Bc1 Bd4 17. O-O Bxc5 18. Bxd7 Rd8 19. Ba4 Be6 20. Rfe1 Bf7 21.
Re2 Rxd1+ 22. Bxd1 Rc8 23. Bd2 Rd8 24. Bf4 g5 25. Bc1 Bb4 26. Rd2 Rxd2 27. Bxd2
Bxa2 28. Nxa2 Bxd2 29. Kf1 Nd4 30. Nc3 Bxc3 31. bxc3 Nb5 32. Bf3 b6 33. c4 Nd4
34. Bb7 a5 35. Ke1 Kf8 36. Kd2 Nb3+ 37. Kc3 Nc5 38. Bd5 Ke7 39. Kd4 Kd6 40. Bf7
h6 41. Bg8 Ne6+ 42. Ke4 Ng7 43. Kd4 a4 44. Bf7 Ne6+ 45. Kc3 Nc5 46. Kb4 Nd3+
47. Kxa4 Kc5 48. Kb3 Nxf2 49. h3 Nd3 50. Bh5 Kd4 51. Bg4 Ne5 52. Be6 Kc5 53.
Kc3 h5 54. Kb3 Nd3 55. Bf5 Ne5 56. Be6 h4 57. Kc3 Ng6 58. Bf5 Nf4 59. Be4 Ne2+
60. Kd3 Nd4 61. Bb7 Nc6 62. Ke4 Ne7 63. Kd3 f5 64. Kc3 Ng6 65. Bc8 f4 66. Bb7
Ne5 67. Ba6 g4 68. hxg4 f3 69. gxf3 h3 70. Bb7 Nc6 0-1

[Event "Ostravsky Konik 2021"]
[Site "Ostrava, Dům kultury města O"]
[Date "2021.08.12"]
[Round "6.1"]
[White "Vesselovsky, Serguei"]
[Black "Berezjuk, Sergej"]
[Result "1-0"]
[WhiteElo "2316"]
[BlackElo "2409"]
[PlyCount "93"]
[EventDate "2021.??.??"]

1. e4 e5 2. Nf3 Nc6 3. Bb5 a6 4. Ba4 Nf6 5. O-O b5 6. Bb3 Be7 7. d4 d6 8. c3
Bg4 9. h3 Bxf3 10. Qxf3 exd4 11. Qg3 O-O 12. Bh6 Ne8 13. Bd5 Qd7 14. Qg4 Qxg4
15. hxg4 gxh6 16. Bxc6 dxc3 17. Nxc3 Rb8 18. Nd5 Bd8 19. g3 Ng7 20. Kg2 Ne6 21.
Rad1 Kg7 22. Rh1 Bf6 23. Ne3 Rh8 24. b3 Kf8 25. Nf5 Bg7 26. Bd5 a5 27. Rc1 Nc5
28. e5 Bxe5 29. Nxh6 Kg7 30. f4 Bb2 31. Rc2 Ba3 32. Nf5+ Kf8 33. Re1 Re8 34.
Rce2 Rxe2+ 35. Rxe2 c6 36. Re7 h5 37. Rxf7+ Ke8 38. Ra7 cxd5 39. Ra8+ Kd7 40.
Rxh8 hxg4 41. Rh7+ Kc6 42. Ne7+ Kd7 43. Nxd5+ Kd8 44. f5 b4 45. f6 Ke8 46. Re7+
Kf8 47. Nf4 1-0

[Event "Ostravsky Konik 2021"]
[Site "Ostrava, Dům kultury města O"]
[Date "2021.08.12"]
[Round "6.2"]
[White "Neumann, Filip"]
[Black "Hausner, Ivan"]
[Result "1/2-1/2"]
[WhiteElo "1965"]
[BlackElo "2336"]
[PlyCount "108"]
[EventDate "2021.??.??"]

1. Nf3 c5 2. e4 e6 3. d4 cxd4 4. Nxd4 Nf6 5. Nc3 d6 6. g4 h6 7. Be2 Nc6 8. Be3
a6 9. Rg1 Be7 10. Qd2 Bd7 11. f4 d5 12. exd5 Nxd5 13. Nxd5 exd5 14. Bf3 Bh4+
15. Kf1 O-O 16. Rg2 Re8 17. Bf2 Bxf2 18. Qxf2 Qf6 19. c3 Rad8 20. Nxc6 Bxc6 21.
Qd4 Bb5+ 22. Kg1 Qxd4+ 23. cxd4 Bd3 24. Rd2 Be4 25. Kf2 Bxf3 26. Kxf3 Rc8 27.
Rad1 g5 28. f5 Re4 29. Re2 Rxe2 30. Kxe2 Re8+ 31. Kd3 Re4 32. h3 h5 33. Rg1 Kg7
34. Rg2 Kf6 35. Rg1 Re8 36. Kd2 hxg4 37. hxg4 Rh8 38. Rg2 Rh3 39. Kc2 Ke7 40.
Re2+ Kd6 41. f6 Rf3 42. Re5 Rxf6 43. Rxg5 Rf2+ 44. Kc3 Rf3+ 45. Kd2 Rg3 46. Kc2
Kc6 47. Rg7 Rf3 48. g5 Kb5 49. g6 fxg6 50. b3 Rf2+ 51. Kc3 Rxa2 52. Rxb7+ Kc6
53. Rf7 Rg2 54. Kb4 Rg3 1/2-1/2

[Event "Ostravsky Konik 2021"]
[Site "Ostrava, Dům kultury města O"]
[Date "2021.08.12"]
[Round "6.3"]
[White "Dobrovolsky, Ladislav"]
[Black "Michenka, Jozef"]
[Result "1/2-1/2"]
[WhiteElo "2238"]
[BlackElo "2300"]
[PlyCount "59"]
[EventDate "2021.??.??"]

1. e4 c5 2. Nf3 d6 3. d4 cxd4 4. Qxd4 Nc6 5. Bb5 Bd7 6. Bxc6 Bxc6 7. c4 f5 8.
Nc3 e5 9. Qd3 fxe4 10. Nxe4 d5 11. cxd5 Qxd5 12. Qxd5 Bxd5 13. Nc3 Bxf3 14.
gxf3 Nf6 15. Rg1 Kf7 16. Rg5 Bd6 17. Bd2 h6 18. Rg1 Rhd8 19. O-O-O Bc5 20. Be3
Rxd1+ 21. Rxd1 Bxe3+ 22. fxe3 Rc8 23. Kc2 g5 24. Kb3 Ke6 25. a4 g4 26. fxg4
Nxg4 27. Rg1 h5 28. h3 Nxe3 29. Rg7 Nc4 30. Rh7 1/2-1/2

[Event "Ostravsky Konik 2021"]
[Site "Ostrava, Dům kultury města O"]
[Date "2021.08.12"]
[Round "6.4"]
[White "Matyas, Marek"]
[Black "Havelka, Ondrej"]
[Result "1-0"]
[WhiteElo "2369"]
[BlackElo "2160"]
[PlyCount "125"]
[EventDate "2021.??.??"]

1. e4 e6 2. d4 d5 3. Nc3 Nf6 4. e5 Nfd7 5. f4 c5 6. Nf3 Nc6 7. Be3 a6 8. Qd2 b5
9. Nd1 f5 10. Nf2 c4 11. c3 b4 12. Rg1 Rb8 13. g4 bxc3 14. bxc3 Qa5 15. gxf5
exf5 16. Nd1 g6 17. h4 Be7 18. h5 Nf8 19. Qh2 Rg8 20. Bh3 Nd8 21. Bf2 Ba3 22.
Nd2 Nf7 23. Bh4 Nh6 24. hxg6 Rxg6 25. Rxg6 hxg6 26. Rb1 Rxb1 27. Nxb1 Be7 28.
Bxe7 Kxe7 29. Ne3 Ng4 30. Bxg4 fxg4 31. Qg2 Be6 32. Qb2 Kf7 33. Nd2 Qd8 34.
Ndf1 Nd7 35. Ng3 Nb6 36. Qa3 Qc8 37. Qd6 Na4 38. Qb4 Qc6 39. Kd2 Qb5 40. Qxb5
axb5 41. Ne2 Kg7 42. Ke1 Kh6 43. Kf2 Kh5 44. f5 Bxf5 45. Nxd5 Kg5 46. Nc7 b4
47. cxb4 c3 48. e6 Kf6 49. Nd5+ Kxe6 50. Ndxc3 Nb2 51. Ke3 Kd6 52. a4 Bc2 53.
a5 Bd3 54. Nf4 Bf1 55. Kf2 Bd3 56. b5 Bf5 57. a6 Nc4 58. Na4 Kc7 59. Nd5+ Kb8
60. b6 Be4 61. a7+ Kb7 62. Nc5+ Ka8 63. Nc7# 1-0

[Event "Ostravsky Konik 2021"]
[Site "Ostrava, Dům kultury města O"]
[Date "2021.08.12"]
[Round "6.5"]
[White "Fargac, Martin"]
[Black "Pilch, Roman"]
[Result "1-0"]
[WhiteElo "2285"]
[BlackElo "2108"]
[PlyCount "89"]
[EventDate "2021.??.??"]

1. e4 g6 2. d4 c6 3. Nc3 d5 4. Nf3 Bg7 5. h3 e6 6. Bf4 Nf6 7. e5 Nfd7 8. Qd2 h6
9. h4 h5 10. g4 b5 11. gxh5 Rxh5 12. Ne2 Rh8 13. Ng3 Qe7 14. h5 gxh5 15. Nxh5
Qf8 16. O-O-O Kd8 17. Bd3 Bh6 18. Ng5 Bxg5 19. Bxg5+ Kc7 20. Nf6 Na6 21. Qa5+
Kb7 22. Rxh8 Qxh8 23. a4 Nc7 24. axb5 cxb5 25. Bxb5 Nb6 26. Bd3 Bd7 27. b3 Bc6
28. Kb2 Qh2 29. Be3 a6 30. Qc5 Qh8 31. Bd2 Qf8 32. Qxf8 Rxf8 33. Rh1 Bb5 34.
Rh7 Bxd3 35. cxd3 Nb5 36. Bb4 Rc8 37. Rxf7+ Rc7 38. Rxc7+ Kxc7 39. Bc5 Nd7 40.
b4 Nb8 41. f4 Nc6 42. f5 exf5 43. e6 Kd8 44. Nxd5 Ke8 45. Nf6+ 1-0

[Event "Ostravsky Konik 2021"]
[Site "Ostrava, Dům kultury města O"]
[Date "2021.08.12"]
[Round "6.6"]
[White "Cempel, Jaroslav"]
[Black "Kopcova, Ludmila"]
[Result "1-0"]
[WhiteElo "1981"]
[BlackElo "1915"]
[PlyCount "137"]
[EventDate "2021.??.??"]

1. f4 d5 2. Nf3 c5 3. d3 Nf6 4. g3 d4 5. c3 Nc6 6. Bg2 g6 7. e4 dxe3 8. Bxe3 e6
9. Na3 Nd5 10. Bf2 Qe7 11. O-O Bg7 12. Qe2 O-O 13. Nc4 b6 14. Nfe5 Bb7 15. Nxc6
Bxc6 16. Ne5 Bb7 17. d4 cxd4 18. Bxd4 Rac8 19. a4 Qc7 20. Rfe1 Rfe8 21. Qf2 Bf8
22. Ng4 Bg7 23. Bxg7 Kxg7 24. Qd4+ Kf8 25. Bxd5 Bxd5 26. Nf6 Red8 27. Nxh7+ Ke7
28. Qb4+ Qc5+ 29. Qxc5+ Rxc5 30. Ng5 Bc6 31. Re2 a5 32. Kf2 Rc4 33. Nf3 Rxa4
34. Rxa4 Bxa4 35. Nd4 Bd7 36. g4 Kf6 37. Rd2 Rb8 38. h4 b5 39. Nb3 Bc6 40. Nxa5
Bd5 41. b4 Rc8 42. Rd3 Rh8 43. Rh3 e5 44. Rd3 Ke6 45. Re3 e4 46. Rh3 f5 47. g5
Kd6 48. Ke3 Ba2 49. Kd4 Bb1 50. c4 Bd3 51. c5+ Ke6 52. Nc6 Be2 53. Ne5 Rd8+ 54.
Ke3 Bh5 55. Rh2 Rd1 56. Ra2 Re1+ 57. Kf2 Rb1 58. Ra6+ Ke7 59. Nxg6+ Ke8 60.
Ra8+ Kd7 61. Ne5+ Ke7 62. Ra3 Rb2+ 63. Ke3 Rh2 64. Ra7+ Ke6 65. Ra6+ Ke7 66. c6
Rc2 67. Ra7+ Kd8 68. g6 Bxg6 69. c7+ 1-0

[Event "Ostravsky Konik 2021"]
[Site "Ostrava, Dům kultury města O"]
[Date "2021.08.12"]
[Round "6.7"]
[White "Pavera, Vit"]
[Black "Skocik, Marek"]
[Result "1-0"]
[WhiteElo "1959"]
[BlackElo "1903"]
[PlyCount "137"]
[EventDate "2021.??.??"]

1. d4 d5 2. Nf3 Nf6 3. e3 e6 4. Bd3 Be7 5. Nbd2 Nbd7 6. O-O O-O 7. e4 dxe4 8.
Nxe4 Nxe4 9. Bxe4 Nf6 10. Bd3 b6 11. Bf4 Bb7 12. c3 c5 13. dxc5 bxc5 14. Qe2
Qd5 15. Rfd1 Qh5 16. Ne5 Qxe2 17. Bxe2 Rfd8 18. Bb5 Rxd1+ 19. Rxd1 Rc8 20. c4
h6 21. f3 g5 22. Bg3 Kg7 23. Be1 Rd8 24. Rxd8 Bxd8 25. Nc6 Bb6 26. Bc3 h5 27.
Kf2 Bxc6 28. Bxc6 Kg6 29. Ke3 Ng8 30. Be5 Ne7 31. Be4+ f5 32. Bb7 Kf7 33. g3
Ng6 34. Bd6 a5 35. a4 Kf6 36. f4 gxf4+ 37. gxf4 e5 38. fxe5+ Nxe5 39. Bd5 Ng6
40. Kf3 Ne5+ 41. Ke2 f4 42. b3 Kf5 43. Bf3 h4 44. h3 Ke6 45. Bb8 Kf5 46. Bb7
Bd8 47. Bd6 Bb6 48. Be7 Ng6 49. Bc8+ Ke4 50. Bg5 Bc7 51. Bg4 Ne5 52. Bxh4 f3+
53. Kd2 Nxg4 54. hxg4 Kf4 55. g5 Kg4 56. g6 Bf4+ 57. Kd3 Be5 58. Bf2 Kf5 59.
Bxc5 Kxg6 60. Ke4 Bd6 61. Bf2 Bb4 62. c5 Kf6 63. Kd5 Ke7 64. Kc6 Ke6 65. Kb7
Kd5 66. c6 Bd6 67. c7 Bxc7 68. Kxc7 Ke4 69. Kb6 1-0

[ePGN "0.1;DGT LiveChess/2.2.5"]

[Event "Ostravsky Konik 2021"]
[Site "Ostrava, Dům kultury města O"]
[Date "2021.08.13"]
[Round "7.1"]
[White "Matyas, Marek"]
[Black "Vesselovsky, Serguei"]
[Result "1-0"]
[WhiteElo "2369"]
[BlackElo "2316"]
[PlyCount "33"]
[EventDate "2021.??.??"]

1. e4 c5 2. Nf3 d6 3. d4 cxd4 4. Nxd4 Nf6 5. Nc3 g6 6. Be3 Bg7 7. f3 Nc6 8. Qd2
O-O 9. g4 e6 10. O-O-O d5 11. Nxc6 bxc6 12. h4 Qa5 13. Bh6 dxe4 14. h5 g5 15.
Bxg7 Kxg7 16. h6+ Kg8 17. Bb5 1-0

[Event "Ostravsky Konik 2021"]
[Site "Ostrava, Dům kultury města O"]
[Date "2021.08.13"]
[Round "7.2"]
[White "Hausner, Ivan"]
[Black "Fargac, Martin"]
[Result "1-0"]
[WhiteElo "2336"]
[BlackElo "2285"]
[PlyCount "75"]
[EventDate "2021.??.??"]

1. c4 e6 2. g3 d5 3. Bg2 Nf6 4. Nf3 Be7 5. O-O O-O 6. d4 dxc4 7. Qa4 b6 8. Ne5
Qxd4 9. Bxa8 Qxe5 10. Bf3 Nd5 11. Nc3 Nxc3 12. bxc3 Qxc3 13. Qxa7 Na6 14. Be3
Qa3 15. Rab1 Bc5 16. Bxc5 Qxc5 17. Rfc1 g6 18. Qa8 e5 19. Bb7 Bxb7 20. Qxb7 Nb4
21. Qa7 c3 22. Qa4 Nd5 23. e4 Nf6 24. Qb4 Qd4 25. Qxc3 c5 26. Qc2 Ra8 27. Rxb6
Nxe4 28. Rd1 Qa4 29. Qxa4 Rxa4 30. Rb2 Kg7 31. Rd7 Kf6 32. Rb6+ Kg5 33. f3 Nc3
34. Rxf7 Ne2+ 35. Kf2 Rxa2 36. h4+ Kh6 37. Rbb7 Nd4+ 38. Kf1 1-0

[Event "Ostravsky Konik 2021"]
[Site "Ostrava, Dům kultury města O"]
[Date "2021.08.13"]
[Round "7.3"]
[White "Michenka, Jozef"]
[Black "Neumann, Filip"]
[Result "1-0"]
[WhiteElo "2300"]
[BlackElo "1965"]
[PlyCount "65"]
[EventDate "2021.??.??"]

1. d4 d5 2. c4 e5 3. dxe5 d4 4. Nf3 Nc6 5. g3 Nge7 6. Bg2 Ng6 7. Bf4 h5 8. Nbd2
h4 9. h3 Nxf4 10. gxf4 Bf5 11. a3 a5 12. Nb3 Be4 13. O-O d3 14. e3 Rh6 15. Nbd2
Bf5 16. Kh2 Be7 17. Nb3 Qd7 18. Nfd4 Nxd4 19. Nxd4 Rb6 20. Qh5 Bg6 21. Qh8+ Bf8
22. c5 Rc6 23. b4 O-O-O 24. Qxh4 Be7 25. Qg4 Qxg4 26. hxg4 Ra6 27. b5 Ra8 28.
f5 Bh7 29. c6 b6 30. Rfd1 Rh8 31. Kg1 g6 32. f6 Bc5 33. g5 1-0

[Event "Ostravsky Konik 2021"]
[Site "Ostrava, Dům kultury města O"]
[Date "2021.08.13"]
[Round "7.4"]
[White "Hrbek, Stepan"]
[Black "Dobrovolsky, Ladislav"]
[Result "1/2-1/2"]
[WhiteElo "2258"]
[BlackElo "2238"]
[PlyCount "78"]
[EventDate "2021.??.??"]

1. e4 c5 2. Nf3 e6 3. d4 cxd4 4. Nxd4 Nc6 5. Nc3 Qc7 6. Qd3 a6 7. Nxc6 bxc6 8.
Qg3 Qxg3 9. hxg3 Nf6 10. Bd3 d5 11. f3 Be7 12. g4 d4 13. Na4 Nd7 14. b3 e5 15.
c3 Nc5 16. Nxc5 Bxc5 17. Bb2 dxc3 18. Bxc3 f6 19. Ba5 Bd7 20. Rc1 Be3 21. Rc2
O-O 22. Ke2 Bd4 23. Rhc1 Rfc8 24. Kd2 h6 25. Bc3 Bb6 26. Bb4 a5 27. Bc5 Bxc5
28. Rxc5 Kf8 29. Kc3 Ke7 30. Kb2 Rcb8 31. Ka3 Rb4 32. Rxa5 Rxa5+ 33. Kxb4 Rxa2
34. Rc2 Rxc2 35. Bxc2 Kd6 36. Bd3 g6 37. Be2 f5 38. gxf5 gxf5 39. exf5 Bxf5
1/2-1/2

[Event "Ostravsky Konik 2021"]
[Site "Ostrava, Dům kultury města O"]
[Date "2021.08.13"]
[Round "7.5"]
[White "Berezjuk, Sergej"]
[Black "Kula, Dominik"]
[Result "1-0"]
[WhiteElo "2409"]
[BlackElo "2203"]
[PlyCount "87"]
[EventDate "2021.??.??"]

1. e4 e5 2. Nc3 Nf6 3. g3 Bc5 4. Bg2 d6 5. d3 Be6 6. Na4 Nc6 7. Nxc5 dxc5 8. b3
Qd7 9. Nf3 Bh3 10. Bxh3 Qxh3 11. Bb2 Nd7 12. Qe2 Nd4 13. Nxd4 cxd4 14. O-O-O
O-O-O 15. f4 f6 16. f5 g6 17. Rdf1 Rdg8 18. Rhg1 h5 19. Kb1 b6 20. c3 dxc3 21.
Bxc3 Qg4 22. Rf3 gxf5 23. exf5 h4 24. h3 Qg7 25. g4 Rd8 26. d4 exd4 27. Bxd4
Qf7 28. Qe6 Qxe6 29. fxe6 Ne5 30. Bxe5 fxe5 31. Re3 Rhg8 32. g5 Rd5 33. g6 Kd8
34. g7 Ke8 35. Re4 Ke7 36. Rg6 Rd6 37. Rxe5 Rc6 38. Re4 a5 39. Kb2 Rd6 40. Kc3
c6 41. a3 b5 42. Rxh4 Rxe6 43. Rxe6+ Kxe6 44. Rg4 1-0

[Event "Ostravsky Konik 2021"]
[Site "Ostrava, Dům kultury města O"]
[Date "2021.08.13"]
[Round "7.6"]
[White "Rakovsky, Jakub"]
[Black "Cempel, Jaroslav"]
[Result "0-1"]
[WhiteElo "1783"]
[BlackElo "1981"]
[PlyCount "72"]
[EventDate "2021.??.??"]

1. e4 e5 2. Nf3 Nc6 3. Bc4 Bc5 4. c3 Nf6 5. d4 exd4 6. b4 Be7 7. b5 Na5 8. Bd3
dxc3 9. Nxc3 d6 10. O-O Bg4 11. h3 Bh5 12. Re1 O-O 13. g4 Bg6 14. Nd4 c5 15.
Nf5 Bxf5 16. gxf5 Nd7 17. Nd5 Bf6 18. Rb1 Bd4 19. Be3 Qh4 20. Bxd4 cxd4 21. Bf1
Ne5 22. Bg2 d3 23. f4 Nec4 24. Qxd3 Nb6 25. Ne3 Rac8 26. Rf1 Nac4 27. Nxc4 Rxc4
28. Rb2 Rfc8 29. Qxd6 Rc3 30. Qd4 h6 31. Kh2 Qg3+ 32. Kh1 Nc4 33. Rbf2 Ne3 34.
Bf3 Qxh3+ 35. Kg1 Nxf1 36. Rg2 Ng3 0-1

[Event "Ostravsky Konik 2021"]
[Site "Ostrava, Dům kultury města O"]
[Date "2021.08.13"]
[Round "7.7"]
[White "Jarolim, Jan"]
[Black "Pavera, Vit"]
[Result "0-1"]
[WhiteElo "1978"]
[BlackElo "1959"]
[PlyCount "66"]
[EventDate "2021.??.??"]

1. e4 c5 2. Nf3 Nc6 3. d4 cxd4 4. Nxd4 Nf6 5. Nc3 g6 6. Be3 Bg7 7. Bc4 O-O 8.
Bb3 d6 9. f3 Bd7 10. Qd2 Nxd4 11. Bxd4 Qa5 12. O-O Bc6 13. Rad1 Rfd8 14. Rfe1
Qh5 15. Nd5 Bxd5 16. Bxd5 Rd7 17. Bb3 b6 18. Qc3 Ne8 19. Bxg7 Rc7 20. Qe3 Nxg7
21. Rd5 Qh4 22. Rg5 Ne6 23. Bxe6 fxe6 24. g3 Qh3 25. c3 e5 26. Rg4 Rf8 27. Rf1
Rf7 28. Rh4 Qe6 29. f4 Qxa2 30. f5 Qxb2 31. fxg6 Rxf1+ 32. Kxf1 Rxc3 33. gxh7+
Kh8 0-1

[Event "Ostravsky Konik 2021"]
[Site "Ostrava, Dům kultury města O"]
[Date "2021.08.14"]
[Round "8.1"]
[White "Hausner, Ivan"]
[Black "Matyas, Marek"]
[Result "1/2-1/2"]
[WhiteElo "2336"]
[BlackElo "2369"]
[PlyCount "39"]
[EventDate "2021.??.??"]

1. c4 c5 2. Nf3 Nc6 3. e3 Nf6 4. Nc3 g6 5. d4 cxd4 6. exd4 d5 7. cxd5 Nxd5 8.
Qb3 e6 9. Bb5 Bg7 10. Bg5 Qb6 11. O-O O-O 12. Rad1 a6 13. Bc4 Qxb3 14. Bxb3
Nxc3 15. bxc3 b5 16. d5 exd5 17. Bxd5 Bb7 18. c4 h6 19. Be3 Na5 20. Bxb7
1/2-1/2

[Event "Ostravsky Konik 2021"]
[Site "Ostrava, Dům kultury města O"]
[Date "2021.08.14"]
[Round "8.2"]
[White "Vesselovsky, Serguei"]
[Black "Michenka, Jozef"]
[Result "1-0"]
[WhiteElo "2316"]
[BlackElo "2300"]
[PlyCount "64"]
[EventDate "2021.??.??"]

1. e4 c5 2. Nc3 Nc6 3. g3 g6 4. Bg2 Bg7 5. d3 d6 6. f4 e6 7. Nf3 Nge7 8. O-O
O-O 9. Be3 Nd4 10. e5 Nef5 11. Bf2 Rb8 12. Ne4 dxe5 13. Nxe5 f6 14. Nc4 b6 15.
c3 Nb5 16. Qb3 Bd7 17. a4 Nc7 18. a5 Nd5 19. axb6 axb6 20. Rfe1 Qc7 21. Ra6 Bc8
22. Ra2 Bb7 23. Ra7 Kh8 24. Qb5 h5 25. Ned2 Qd8 26. Bxc5 Nxc3 27. bxc3 Bxg2 28.
Bxf8 Bxf8 29. Kxg2 Qxd3 30. Qd7 Qxd7 31. Rxd7 b5 32. Ne3 Ne7 1-0

[Event "Ostravsky Konik 2021"]
[Site "Ostrava, Dům kultury města O"]
[Date "2021.08.14"]
[Round "8.3"]
[White "Hrbek, Stepan"]
[Black "Berezjuk, Sergej"]
[Result "1-0"]
[WhiteElo "2258"]
[BlackElo "2409"]
[PlyCount "55"]
[EventDate "2021.??.??"]

1. e4 e6 2. d4 d5 3. Nc3 Nf6 4. e5 Nfd7 5. f4 c5 6. Nf3 Nc6 7. Be3 Qb6 8. Qd2
Qxb2 9. Rb1 Qa3 10. Nb5 Qxa2 11. Rd1 Rb8 12. f5 cxd4 13. fxe6 dxe3 14. exd7+
Bxd7 15. Qxe3 Qa5+ 16. c3 d4 17. Nfxd4 Nxd4 18. Nxd4 Bc5 19. Bc4 O-O 20. O-O
Rbe8 21. Kh1 Be6 22. Bd3 g6 23. Qh6 Bg4 24. Rf4 f5 25. exf6 Rxf6 26. Rxf6 Bxd1
27. Rxg6+ hxg6 28. Bc4+ 1-0

[Event "Ostravsky Konik 2021"]
[Site "Ostrava, Dům kultury města O"]
[Date "2021.08.14"]
[Round "8.4"]
[White "Dobrovolsky, Ladislav"]
[Black "Neumann, Filip"]
[Result "1/2-1/2"]
[WhiteElo "2238"]
[BlackElo "1965"]
[PlyCount "62"]
[EventDate "2021.??.??"]

1. c4 e5 2. Nc3 c5 3. g3 Nc6 4. Bg2 g6 5. e4 Bg7 6. d3 Nge7 7. Nf3 d6 8. O-O h6
9. Rb1 Be6 10. a3 a5 11. Nd5 O-O 12. Bd2 Rb8 13. b4 axb4 14. axb4 b5 15. bxc5
bxc4 16. Rxb8 Qxb8 17. dxc4 dxc5 18. Be3 Bxd5 19. exd5 Nd4 20. Nxd4 cxd4 21.
Bc1 Rc8 22. Ba3 Qa7 23. Qc1 Bf8 24. Bd6 Nxd5 25. Bxf8 Nc3 26. Qe1 Rxf8 27. Qxe5
Rc8 28. Bd5 Qd7 29. Re1 Nxd5 30. cxd5 Rc5 31. Qxd4 Rxd5 1/2-1/2

[Event "Ostravsky Konik 2021"]
[Site "Ostrava, Dům kultury města O"]
[Date "2021.08.14"]
[Round "8.5"]
[White "Jires, Jiri"]
[Black "Havelka, Ondrej"]
[Result "1-0"]
[WhiteElo "2144"]
[BlackElo "2160"]
[PlyCount "69"]
[EventDate "2021.??.??"]

1. e4 e6 2. d3 d5 3. Nd2 c5 4. Ngf3 Nc6 5. g3 g6 6. Bg2 Bg7 7. O-O Nge7 8. Re1
O-O 9. c3 Qc7 10. Nf1 b5 11. exd5 Nxd5 12. Ne3 b4 13. Nxd5 exd5 14. d4 Bg4 15.
Be3 Rfe8 16. Qd2 bxc3 17. bxc3 Qa5 18. Rac1 c4 19. Bf4 Bf5 20. Nh4 Bd3 21. Bh3
Re7 22. Rxe7 Nxe7 23. Re1 Qa3 24. Qc1 Qxc1 25. Bxc1 Rb8 26. Rxe7 Rb1 27. Re1
Bh6 28. f4 Ra1 29. Bg2 Rxa2 30. Bxd5 a5 31. Nf3 a4 32. Ne5 a3 33. Nxd3 Ra1 34.
Bxc4 Bf8 35. Bd2 1-0

[Event "Ostravsky Konik 2021"]
[Site "Ostrava, Dům kultury města O"]
[Date "2021.08.14"]
[Round "8.6"]
[White "Cempel, Jaroslav"]
[Black "Kozelsky, Marek"]
[Result "1/2-1/2"]
[WhiteElo "1981"]
[BlackElo "1951"]
[PlyCount "96"]
[EventDate "2021.??.??"]

1. e4 c5 2. Nf3 d6 3. Bb5+ Bd7 4. Bxd7+ Qxd7 5. O-O Nc6 6. Re1 g6 7. c3 Bg7 8.
d4 Nf6 9. Bg5 O-O 10. Bxf6 Bxf6 11. dxc5 Rfd8 12. cxd6 Qxd6 13. Qxd6 Rxd6 14.
Na3 e5 15. Nc4 Rd7 16. Rad1 Rad8 17. Rxd7 Rxd7 18. Ne3 b5 19. Kf1 h5 20. Ke2
Bd8 21. Rd1 Rxd1 22. Kxd1 f6 23. Ke2 Kf7 24. Nd5 Ke6 25. Kd3 f5 26. h4 Na5 27.
b3 Nb7 28. Nb4 Nc5+ 29. Kc2 fxe4 30. Nxe5 Bxh4 31. Nxg6 Bxf2 32. Nf4+ Kf5 33.
Nxh5 Kg5 34. Ng7 e3 35. Kd1 Ne4 36. Nd5 Ng3 37. Ne6+ Kf5 38. Nef4 Ke4 39. c4
bxc4 40. bxc4 Kd4 41. Ne2+ Kd3 42. Ndf4+ Kxc4 43. Nxg3 Bxg3 44. Ne2 Be5 45. Kc2
a5 46. g4 Bf6 47. Nf4 Bg5 48. Ne2 Bf6 1/2-1/2

[Event "Ostravsky Konik 2021"]
[Site "Ostrava, Dům kultury města O"]
[Date "2021.08.14"]
[Round "8.7"]
[White "Pavera, Vit"]
[Black "Janecek, Miroslav"]
[Result "1-0"]
[WhiteElo "1959"]
[BlackElo "1751"]
[PlyCount "97"]
[EventDate "2021.??.??"]

1. e4 c5 2. Nf3 g6 3. d4 cxd4 4. Qxd4 Nf6 5. Nc3 Nc6 6. Qa4 d6 7. e5 Ng4 8.
exd6 exd6 9. Be2 Bg7 10. O-O O-O 11. Bg5 Qa5 12. Qxa5 Nxa5 13. Rad1 Re8 14. Bb5
Nc6 15. Rxd6 Bxc3 16. bxc3 Bf5 17. Nd4 Nxd4 18. cxd4 Re6 19. Rxe6 Bxe6 20. h3
h6 21. Be7 a6 22. Ba4 b5 23. Bb3 Re8 24. Bxe6 fxe6 25. Bh4 g5 26. Bxg5 hxg5 27.
hxg4 Rc8 28. Rc1 Rc4 29. c3 b4 30. Kf1 bxc3 31. f3 Kf7 32. Ke2 Rxd4 33. Rxc3
Ra4 34. a3 Kf6 35. Kd3 Ke5 36. g3 Kd5 37. Kc2 Kd4 38. Rd3+ Kc5 39. Kb3 Ra5 40.
a4 Kc6 41. f4 Kc5 42. Rd8 Kc6 43. Kb4 Rd5 44. Rxd5 Kxd5 45. Kc3 a5 46. Kd3 e5
47. fxg5 e4+ 48. Ke3 Ke5 49. g6 1-0

[ePGN "0.1;DGT LiveChess/2.2.5"]

[Event "Ostravsky Konik 2021"]
[Site "Ostrava, Dům kultury města O"]
[Date "2021.08.15"]
[Round "9.1"]
[White "Matyas, Marek"]
[Black "Hrbek, Stepan"]
[Result "1-0"]
[WhiteElo "2369"]
[BlackElo "2258"]
[PlyCount "95"]
[EventDate "2021.??.??"]

1. c4 e5 2. Nc3 Nf6 3. g3 c6 4. Nf3 e4 5. Nd4 Qb6 6. Nb3 a5 7. Na4 Qd8 8. Bg2
d5 9. cxd5 cxd5 10. d3 Bb4+ 11. Nc3 a4 12. Nd4 Nc6 13. Nc2 Bxc3+ 14. bxc3 O-O
15. O-O Bf5 16. Rb1 exd3 17. exd3 Ne5 18. Nb4 h6 19. Bf4 Nc6 20. Nc2 Qd7 21.
Re1 Rfe8 22. h4 Ng4 23. Rb5 Rxe1+ 24. Nxe1 d4 25. c4 Re8 26. Nf3 Qe6 27. Bf1
Nf6 28. Ne5 Nxe5 29. Rxe5 Qd7 30. Qa1 a3 31. Rxe8+ Qxe8 32. Bd6 b5 33. Qxd4
bxc4 34. dxc4 Ng4 35. f3 Ne3 36. Be2 Nc2 37. Qe5 Qxe5 38. Bxe5 f6 39. Bd6 Kf7
40. Kf2 h5 41. g4 hxg4 42. fxg4 Bh7 43. c5 Ke6 44. Bc4+ Kd7 45. Bb5+ Ke6 46.
Bf8 Nd4 47. Bc4+ Ke5 48. Bxg7 1-0